Which country has Turkiye most similarty on dna - Statistics

General Stats
  • This quiz has been taken 134 times
  • The average score is 16 of 20
Answer Stats
Rank Country % Correct
1 Greece
95%
5 Azerbaijan
94%
2 Bulgaria
90%
3 Armenia
88%
6 Syria
88%
9 Iran
87%
8 Iraq
86%
4 Georgia
84%
11 Romania
82%
12 Serbia
80%
13 Albania
78%
14 North Macedonia
75%
16 Bosnia and Herzegovina
74%
10 Cyprus
72%
17 Croatia
67%
7 Lebanon
67%
18 Italy
66%
19 Hungary
61%
20 Ukraine
60%
15 Montenegro
58%
No matching quizzes found
Score Distribution
Percent of People with Each Score
Percentile by Number Answered
Your Score History
You have not taken this quiz